شباك رشا / (رقم التسجيلة. 141682)

تفاصيل مارك
000 -LEADER
fixed length control field 00657nam a22002057a 4500
005 - DATE AND TIME OF LATEST TRANSACTION
control field 20251108175745.0
008 - FIXED-LENGTH DATA ELEMENTS--GENERAL INFORMATION
fixed length control field 250721s2008 xx 000 0 ara d
082 14 - DEWEY DECIMAL CLASSIFICATION NUMBER
Classification number ط/ق/طوب
100 1# - MAIN ENTRY--PERSONAL NAME
Personal name طوباسي، عبلة
Relator term مؤلف
245 10 - TITLE STATEMENT
Title شباك رشا /
250 ## - EDITION STATEMENT
Edition statement الثانية
264 1# - PRODUCTION, PUBLICATION, DISTRIBUTION, MANUFACTURE, AND COPYRIGHT NOTICE
Place of production, publication, distribution, manufacture رام الله - فلسطين :
Name of producer, publisher, distributor, manufacturer مؤسسة تامر للتعليم المجتمعي،
Date of production, publication, distribution, manufacture, or copyright notice 2008.
300 ## - PHYSICAL DESCRIPTION
Extent 14ص.
650 17 - SUBJECT ADDED ENTRY--TOPICAL TERM
Topical term or geographic name as entry element ادب الاطفال
650 17 - SUBJECT ADDED ENTRY--TOPICAL TERM
Topical term or geographic name as entry element القصص القصيرة
653 ## - INDEX TERM--UNCONTROLLED
Uncontrolled term ناشئون صغار (10-14)سنة
700 1# - ADDED ENTRY--PERSONAL NAME
Personal name السيد، فاتن طوباسي
Relator term رسام
942 ## - ADDED ENTRY ELEMENTS (KOHA)
Source of classification or shelving scheme Dewey Decimal Classification
Koha item type كتب
المقتنيات
حالة السحب حالة الفقدان مصدر التصنيف حالة التلف غير قابل للإعارة المكتبة الرئيسية المكتبة الحالية موقع الرف تاريخ التزويد الرقم المتسلسل Total Checkouts رقم الإستدعاء الباركود تاريخ آخر ظهور تاريخ الفاتورة نوع المادة (كوها)
    Dewey Decimal Classification     مكتبة البشائر للأطفال مكتبة البشائر للأطفال الأطفال 28/07/2025 1743159   ط/ق/طوب PLD00486661 28/07/2025 28/07/2025 كتب
Implemented & Customized by: BBB with SCIT (Smart Chains for Information Technology)

Powered by Koha